Diagnóstico de la Región Brunca /

Сохранить в:
Библиографические подробности
Корпоративные авторы: Unión Juntas Cantonales de Desarrollo, Región Brunca, Programa de Desarrollo Rural Instituto de Desarrollo Agrario
Формат: Текст
Опубликовано: San José: UJCDRB
Метки: Добавить метку
Нет меток, Требуется 1-ая метка записи!

MARC

LEADER 00000 a a2200000 04500
001 23477
003
040
090 |a 163100  
110 |a Unión Juntas Cantonales de Desarrollo, Región Brunca  
245 |a Diagnóstico de la Región Brunca /  |c Unión Juntas Cantonales de Desarrollo, Región Brunca  
260 |a San José:   |b UJCDRB  
300 |a 104 p.   |b **no definido**  
710 |a Programa de Desarrollo Rural   |a Instituto de Desarrollo Agrario  
999 |c 9121  |d 9121